Normal view
MARC view
Entry Personal Name
001 - CONTROL NUMBER
- control field: 992
003 - CONTROL NUMBER IDENTIFIER
- control field: dpl
005 - DATE AND TIME OF LATEST TRANSACTION
- control field: 20100723130745.0
008 - FIXED-LENGTH DATA ELEMENTS
- fixed length control field: 100723|||a|||||| | ||| d
040 ## - CATALOGING SOURCE
- Original cataloging agency: dpl
- Transcribing agency: dpl
100 ## - HEADING--PERSONAL NAME
- Personal name: Kogata, R.N
670 ## - SOURCE DATA FOUND
- Source citation: Work cat.: (dpl)37388: Kogata, R.N, Manual of practical microbiology and parasitology /
670 ## - SOURCE DATA FOUND
- Source citation: Work cat.: (dpl)37388: Kogata, R.N, Manual of practical microbiology and parasitology /
